000 00651nam a22002057a 4500
005 20150106170316.0
010 _aENG-111507
020 _a9788174878670
_c695.00
020 _a817487867x
_c695.00
035 _aEN-95039
037 _bDBAD/PUB
082 _a305.420954
100 _aUmesh Kumar
245 _aWomen empowerment and democracy :
_cby Umesh Kumar
_bproblems and prospects /
260 _aNew Delhi
_bRadha Publications
_c2014
270 _a4231/1,Ansari Road,Daryaganj
_bNew Delhi
_e110002
300 _a235p. :
_bill.
_c22cm(Hb)
500 _aIncludes bibliographical references
942 _2ddc
_cEN
_mUME
_h305.420954
999 _c90566
_d90566